1846 1030 1488 1683 1375 1375 1097 1169 1444 1723 1770 1473 1209 1161 1206 1293 1789 1678 1472 1211 1321 1501 1712 1578 1916 1664 1311 1829 1596 1999 1091 1855 1616 1157 1893 1936 1956 1632 1107 1822 1512 1708 1623 1344 1527 1019 1634 1499 1406 1337 1025 1513 1709 1647 1355 1839 1955 1691 1082 1795 1376 1228 1689 1259 1384 1394 1868 1390 1051 1392 1507 1275 1777 1037 1000 1469 1648 1386 1426 1431 1241 1220 1732 1686 1649 1191 1309 1616 1432 1946 1487 1809 1113 1470 1840 1350 1727 1190 1181 BCNSPRNW ULIB Ver.6.0+V

เปลี่ยนเป็นภาษาไทย

Change to English
 แสดงรายละเอียดบรรณานุกรม
  กลับหน้าหลัก

Brief Record : Get Marc (ISO 2709) : E-mail record : QR code < ปิดหน้าต่าง
LEADER : 00000nam 2200000uu 4500
001    13399114665
003     ULIB
008    120427s2543||||th 000 0 tha d
020    ^a9748585352
020    ^a9789748585352
060 04 ^aQV262^bว721ย 2543
100 0  ^aวิโรจน์ สุ่มใหญ่
245 10 ^aยาบ้า :^bมหันตภัยข้ามสหัสวรรษ /^cวิโรจน์ สุ่มใหญ่ ; [ทินกร
250    ^aพิมพ์ครั้งที่ 1
260    ^aลพบุรี :^bHome Sweet Home,^c2543
300    ^a143, [1] หน้า :^bภาพประกอบ (สีบางภาพ) ;^c21 ซม.
500    ^aSend to Single Search
650  4 ^aยาบ้า
650  4 ^aยาเสพติด
650  4 ^aแอมฟีตะมีน
650  4 ^aเมทแอมฟีตะมีน
700 0  ^aทินกร วีระพันธ์,^eบรรณาธิการ
945    ^p150^l0^i8995
995    ^aกัณชพร
999 ^a ใช้งานได้ทุกระบบ
รายการนี้ยังไม่มีแท็ก
คุณยังไม่ได้ล็อกอิน คุณสามารถมีกิจกรรมร่วมกับเว็บไซต์ได้ แต่ต้องล็อกอินก่อน ::
  ล็อกอิน

รายการสื่อสารสนเทศ

ลำดับที่ ประเภท เลขเรียก/บาร์โค้ด สถานที่ สถานะ
- ไม่พบข้อมูล -

รายการใกล้เคียง
    ผู้แต่ง [วิโรจน์ สุ่มใหญ่]

    หัวเรื่อง [ยาบ้า]
    หัวเรื่อง [ยาเสพติด]
    หัวเรื่อง [แอมฟีตะมีน]
    หัวเรื่อง [เมทแอมฟีตะมีน]

BibComment


ยังไม่เคยถูกคอมเมนท์

คอมเมนท์ทรัพยากรรายการนี้
  คอมเมนท์: ยาบ้า มหันตภัยข..


 Copyright 2026. Bcnsprnw @Library